|
|
|
|
| LEADER |
01317nam a2200337 a 4500 |
| 001 |
35875 |
| 003 |
BD-DhAAL |
| 005 |
20211206103155.0 |
| 008 |
191218t1985 nju b 001 0 eng d |
| 999 |
|
|
|c 42072
|d 42072
|
| 010 |
|
|
|a 84011476
|
| 020 |
|
|
|a 0132365979
|
| 040 |
|
|
|a DLC
|c DLC
|d DLC
|d BD-DhAAL
|
| 043 |
|
|
|a n-us---
|
| 050 |
0 |
0 |
|a LC3993.9
|b .D38 1985
|
| 082 |
0 |
0 |
|a 371.95
|2 19
|
| 100 |
1 |
|
|a Davis, Gary A.,
|d 1938-
|9 38432
|
| 245 |
1 |
0 |
|a Education of the gifted and talented /
|c Gary A. Davis, Sylvia B. Rimm.
|
| 260 |
|
|
|a Englewood Cliffs, N.J. :
|b Prentice-Hall,
|c c1985.
|
| 300 |
|
|
|a xiii, 448 pages ;
|c 24 cm.
|
| 500 |
|
|
|a Includes indexes.
|
| 504 |
|
|
|a Includes bibliographical references (pages 413-435).
|
| 526 |
|
|
|a BIED
|
| 541 |
|
|
|a Complimentary copy from BIED
|e 35875
|
| 650 |
|
0 |
|a Gifted children
|x Education
|z United States.
|9 38433
|
| 650 |
|
0 |
|a Educational acceleration.
|9 38434
|
| 650 |
|
0 |
|a Gifted children
|x Education
|x Curricula
|z United States.
|9 38435
|
| 700 |
1 |
|
|a Rimm, Sylvia B.,
|d 1935-
|9 38436
|
| 852 |
|
|
|a Ayesha Abed Library
|c BIED Collection
|
| 942 |
|
|
|2 ddc
|c BK
|
| 952 |
|
|
|0 0
|1 0
|2 ddc
|4 0
|6 371_950000000000000_DAV
|7 0
|9 67508
|a BRACUL
|b BRACUL
|c GEN
|d 2019-12-18
|e Complimentary copy from BIED
|l 0
|o 371.95 DAV
|p 3010035875
|r 2019-12-18
|t 1
|w 2019-12-18
|y BK
|x Transferred from BIED to General Stacks
|